000
00233nam a22000977a 4500
008
170120b xxu||||| |||| 00| 0 eng d
041
_a
eng
080
_a
618.2
245
_a
ELEMENTS OF RESEARCH IN NURSING
_c
TREECEM E,W
942
_2
udc
_c
BK
999
_c
3283
_d
3283